A chandrachud reader : (Record no. 126521)

MARC details
000 -LEADER
fixed length control field 00761nam a22002177a 4500
005 - DATE AND TIME OF LATEST TRANSACTION
control field 20170124110011.0
010 ## - LIBRARY OF CONGRESS CONTROL NUMBER
LC control number A-240916
020 ## - INTERNATIONAL STANDARD BOOK NUMBER
Terms of availability 75.00
International Standard Book Number A240916
037 ## - SOURCE OF ACQUISITION
Source of stock number/acquisition Cen Lib/ Ret
040 ## - CATALOGING SOURCE
Original cataloging agency DPL
Language of cataloging EN
082 ## - DEWEY DECIMAL CLASSIFICATION NUMBER
Classification number 347.91
Item number DES
100 ## - MAIN ENTRY--PERSONAL NAME
Personal name Deshpande, V. S.
9 (RLIN) 17743
245 ## - TITLE STATEMENT
Title A chandrachud reader :
Statement of responsibility, etc by V. S.Deshpande
Remainder of title collection of judgments with annotations /
260 ## - PUBLICATION, DISTRIBUTION, ETC. (IMPRINT)
Place of publication, distribution, etc New Delhi
Name of publisher, distributor, etc Documentation Center for Corporate & Business Policy Research
Date of publication, distribution, etc 1985
270 ## - ADDRESS
Address A2/24, Azad Appartments App.IIT Sri Aurobindo Marg
City New Delhi
Postal code 110016
300 ## - PHYSICAL DESCRIPTION
Extent xi,112p.
Dimensions 20cm(Hb)
500 ## - GENERAL NOTE
General note Includes appendices
650 ## - SUBJECT ADDED ENTRY--TOPICAL TERM
Topical term or geographic name as entry element Political Science
9 (RLIN) 78977
650 ## - SUBJECT ADDED ENTRY--TOPICAL TERM
Topical term or geographic name as entry element Judicial opinions
9 (RLIN) 17745
942 ## - ADDED ENTRY ELEMENTS (KOHA)
Source of classification or shelving scheme Dewey Decimal Classification
Koha item type English Books
Classification part 347.91
Call number suffix DES
Holdings
Withdrawn status Lost status Damaged status Not for loan Home library Current library Date acquired Source of acquisition Cost, normal purchase price Total Checkouts Total Renewals Full call number Barcode Date last seen Date checked out Copy number Cost, replacement price Price effective from Koha item type
        Central Library Central Library 25/06/2015 Cen Lib/Ret 75.00 1 2 347.91 DES A-240916 19/06/2020 03/03/2020 1 75.00 25/06/2015 English Books

© Delhi Public Library
Hit Counter
free hit counter